Hannibal. Krvavá pole /
Další díl historické série z období punských válek. Hannibal, jeden z největších vojevůdců v dějinách, chystá římským legiím krvavou porážku.
Uloženo v:
| Série: | Hannibal,
část 2 |
|---|---|
| Hlavní autor: | |
| Další autoři: | |
| Médium: | E-kniha |
| Jazyk: | Czech |
| Vydáno: |
V Praze :
Vyšehrad,
2023
|
| Vydání: | Vydání první |
| Témata: | |
| Příbuzné jednotky: | Přeloženo z:
Hannibal Z cyklu:: Hannibal |
| Tagy: |
Žádné tagy |
| LEADER | 02648nam a2200493 i 4500 | ||
|---|---|---|---|
| 001 | 311853 | ||
| 003 | CZ PrSKC | ||
| 005 | 20260601215713.0 | ||
| 007 | ta | ||
| 008 | 230224s2023 xr b g 000 f cze | ||
| 015 | |a cnb003503132 | ||
| 020 | |a 9788076017504 |q (vázáno) : |c Kč 499,00 | ||
| 035 | |a (OCoLC)1375350699 | ||
| 040 | |a ABG001 |b cze |e rda | ||
| 041 | 1 | |a cze |h eng | |
| 072 | 7 | |a 821.111-3 |x Anglická próza, anglicky psaná |2 Konspekt | |
| 080 | |a 821.111(415)-31 |2 MRF | ||
| 080 | |a (0:82-311.6) |2 MRF | ||
| 100 | 1 | |a Kane, Ben, |d 1970- |7 xx0191520 |4 aut | |
| 240 | 1 | 0 | |a Fields of blood. |l Česky |
| 245 | 1 | 0 | |a Hannibal. |p Krvavá pole / |c Ben Kane ; z anglického originálu Hannibal - Fields of blood ... přeložila Jaroslava Hromadová |
| 246 | 3 | 0 | |a Krvavá pole |
| 250 | |a Vydání první | ||
| 264 | 1 | |a V Praze : |b Vyšehrad, |c 2023 | |
| 300 | |a 397 stran : |b mapy ; |c 21 cm | ||
| 336 | |a text |b txt |2 rdacontent | ||
| 337 | |a bez média |b n |2 rdamedia | ||
| 338 | |a svazek |b nc |2 rdacarrier | ||
| 500 | |a Terminologický slovník | ||
| 520 | 2 | |a Další díl historické série z období punských válek. Hannibal, jeden z největších vojevůdců v dějinách, chystá římským legiím krvavou porážku. |b Velitelé římských legií neustále odkládají konfrontaci s kartaginskou armádou, ale Hannibalovi se podaří je vyprovokovat k boji pomocí lsti. Nejdříve u Trasimenského jezera a poté u Kann, kde v srpnu 216 př. Kr. zasadí početně mnohem silnější římské armádě zdrcující porážku. Na bojišti položí život téměř 50 000 Římanů a tato bitva se zapíše do dějin jako jedna z nejkrvavějších. Další dramatické osudy hrdinů z prvního dílu: Hanna, Quinta a Aurelie. Nakladatelská anotace. | |
| 546 | |a Český text | ||
| 655 | 7 | |a irské romány (anglicky) |7 fd132475 |2 czenas | |
| 655 | 7 | |a historické romány |7 fd132414 |2 czenas | |
| 655 | 9 | |a Irish fiction (English) |2 eczenas | |
| 655 | 9 | |a historical novels |2 eczenas | |
| 700 | 1 | |a Hromadová, Jaroslava |7 jn20020717084 |4 trl | |
| 765 | 0 | |t Hannibal | |
| 787 | 0 | 8 | |i Z cyklu: |t Hannibal |g 2 |
| 900 | |a ABA001 |b 20 | ||
| 928 | 9 | |a Albatros Media - Vyšehrad | |
| 044 | |a xr | ||
| 910 | |a RBIT002 | ||
| 998 | |d 368309 |a https://core.palmknihy.cz/api/books/368309/cover?si63n3 |b https://core.palmknihy.cz/api/books/368309/cover/400?si63n3 |c https://core.palmknihy.cz/api/books/368309/cover/50?si63n3 |e 2027-01-25 |g 400 |i 9788076017504 |j https://core.palmknihy.cz/api/books/368309/preview.epub |k https://core.palmknihy.cz/api/books/368309/preview.pdf |l |q 49 |r 1 |s https://www.palmknihy.cz/kniha/368309 |t ebook |y 2023 |z 0 |v Hannibal |w 2 | ||
| 999 | |d 311851 | ||